Bruce Springsteen Song Lyrics - Statistics

General Stats
  • This quiz has been taken 171 times
  • The average score is 15 of 35
Answer Stats
Hint Answer % Correct
Well I got this guitar / And I learned how to make it talk Thunder Road
88%
Someday girl I dunno when / We'll get to that place where we really wanna go Born To Run
86%
You can't start a fire without a spark / This gun's for hire Dancing In The Dark
84%
Poor man wanna be rich / Rich man wanna be king / And a king ain't satisfied 'til he rules everything Badlands
73%
Is a dream a lie if it don't come true / Or is it something worse The River
73%
Well there's a girl that lives up the block / Back in school she could turn all the boys heads Glory Days
66%
And I'm just calling one last time not to change your mind / Just to say I'll miss you baby Bobby Jean
62%
The flag of piracy flew from my mast / My sails were set wing to wing Growin' Up
56%
It's rainin' but there ain't a cloud in the sky / Must have been a tear from your eye Waitin' On A Sunny Day
51%
Well maybe we could cut someplace of our own / With these drums and these guitars No Surrender
49%
Well the highway is alive tonight / But nobody's kiddin' nobody about where it goes The Ghost Of Tom Joad
47%
I've done my best to live the right way / I get up every morning and go to work each day The Promised Land
47%
Now our luck may have died and our love maybe cold / But with you forever I'll stay Atlantic City
46%
The road is dark and its a thin thin line / But I want you to know i'll walk it for you anytime Tougher Than The Rest
46%
Hey, Eddie can you lend us a few bucks / And tonight can you get us a ride Meeting Across The River
45%
We stood side by side each one fightin' for the other / And we said until we died we'd always be ____ _________ Blood Brothers
44%
This whole world is out there just trying to score / I've seen enough I don't want to see anymore Cover Me
44%
This train carries saints and sinners / This train carries losers and winners Land Of Hope And Dreams
43%
Tonight my baby and me we're gonna ride to the sea / And wash these sins of our hands Racing In The Street
42%
Someday we'll look back on this and it will all seem funny Rosalita (Come Out Tonight)
42%
On my backs a sixty pound stone / On my shoulder a half mile of line The Rising
42%
Ain't no angel gonna greet me / It's just you and I my friend Streets Of Philadelphia
40%
Monday when the foreman calls time / I've already got Friday on my mind Out In The Street
38%
I was spinnin' round a dead dial / Just another lost number in a file Radio Nowhere
37%
Well let there be sunlight let there be rain / Let the brokenhearted love again Sherry Darling
33%
Is it a gun, is it a knife / Is it a wallet, this is your life American Skin (41 Shots)
31%
Well my soul checked out missing as I sat listening / To the hours and minutes tickin' away Better Days
31%
Well if you can't make it / Stay hard, stay hungry, stay alive This Hard Land
27%
Yeah we know that come tomorrow / None of this will be here Wrecking Ball
26%
Now everyone dreams of a love lasting and true / But you and I know what this world can do If I Should Fall Behind
22%
Well I've been out of the woods for six days and nights now / Well I'm a little hot wired but I'm feelin' alright Light Of Day
19%
I swore I'd make her happy every day / And how I made her cry Two Faces
17%
I hear the guitars ringin' out / Ringin' out down Union street Where The Bands Are
14%
That flag flyin' over the courthouse / Means certain things are set in stone Long Walk Home
13%
I got God on my side / I'm just tryin' to survive / But if what you do to survive / Kills the things you love Devils & Dust
10%
No matching quizzes found
Score Distribution
Percent of People with Each Score
Percentile by Number Answered
Your Score History
You have not taken this quiz